[Event "Bayern-chI Bank Hofmann 21st"]
[Site "Tegernsee"]
[Date "2017.11.05"]
[Round "9"]
[White "Hoffmann, Michael"]
[Black "Hort, Alexej"]
[Result "1-0"]
[WhiteElo "2462"]
[BlackElo "2276"]
[PlyCount "81"]
[EventDate "2017.10.28"]
[EventType "swiss"]
[EventRounds "9"]
[EventCountry "GER"]
[SourceTitle "CBM 181 Extra"]
[Source "ChessBase"]
[SourceDate "2017.12.12"]
[SourceVersion "1"]
[SourceVersionDate "2017.12.12"]
[SourceQuality "1"]

1. d4 Nf6 2. c4 c5 3. d5 e6 4. Nc3 exd5 5. cxd5 d6 6. Nf3 g6 7. Nd2 Bg7 8. e4 0-0 9. Be2 Nbd7 10. 0-0 Ne5 11. h3 g5 12. Nf3 Nxf3+ 13. Bxf3 Nd7 14. Bg4 Ne5 15. Bf5 g4 16. hxg4 Bxf5 17. exf5 Qh4 18. Bf4 Nxg4 19. Bxd6 Rfe8 20. Bg3 Qh5 21. d6 Rad8 22. Qf3 Re5 23. Bxe5 Bxe5 24. Qh3 Qxf5 25. Nd5 Kh8 26. Ne3 Nxe3 27. fxe3 Qxh3 28. gxh3 Kg7 29. Rad1 Bxb2 30. Rb1 Bf6 31. Rxb7 Rxd6 32. Rxa7 c4 33. Rc7 c3 34. a4 Rd3 35. Kf2 Rd2+ 36. Kf3 Be5 37. Rc5 f6 38. Ra1 Rh2 39. Ke4 Rxh3 40. a5 Rh4+ 41. Kd3 1-0

[Event "Bayern-chI Bank Hofmann 21st"]
[Site "Tegernsee"]
[Date "2017.10.31"]
[Round "4"]
[White "Hort, Alexej"]
[Black "Seickel, Ralf"]
[Result "1/2-1/2"]
[WhiteElo "2276"]
[BlackElo "2018"]
[PlyCount "113"]
[EventDate "2017.10.28"]
[EventType "swiss"]
[EventRounds "9"]
[EventCountry "GER"]
[SourceTitle "CBM 181 Extra"]
[Source "ChessBase"]
[SourceDate "2017.12.12"]
[SourceVersion "1"]
[SourceVersionDate "2017.12.12"]
[SourceQuality "1"]

1. d4 d5 2. Bf4 Nf6 3. e3 e6 4. Nd2 c5 5. c3 Nc6 6. Ngf3 Be7 7. Ne5 0-0 8. Bd3 Nxe5 9. dxe5 Nd7 10. h4 f6 11. Qh5 f5 12. Qe2 c4 13. Bc2 b5 14. g4 b4 15. gxf5 bxc3 16. Nxc4 dxc4 17. Rd1 Qa5 18. f6 cxb2+ 19. Kf1 Nxf6 20. exf6 Bxf6 21. Bg5 Bb7 22. Rg1 Qc3 23. Bxf6 Qxf6 24. Rd7 Rf7 25. Rxf7 Qxf7 26. Qxc4 Rc8 27. Qb3 Ba6+ 28. Kg2 Qb7+ 29. f3 Qxb3 30. Bxb3 Rc1 31. Bxe6+ Kf8 32. Bf5 Bc4 33. a3 Ba2 34. Bxh7 Rxg1+ 35. Kxg1 b1Q+ 36. Bxb1 Bxb1 37. Kf2 Ke7 38. Kg3 Kd6 39. Kf4 a5 40. h5 a4 41. e4 Ba2 42. Kg5 Bf7 43. f4 Kc5 44. e5 Kd5 45. h6 gxh6+ 46. Kxh6 Ke6 47. Kg5 Bg8 48. Kg6 Bf7+ 49. Kg5 Be8 50. Kg4 Bc6 51. Kg5 Be4 52. Kg4 Bf5+ 53. Kg5 Bc2 54. Kg4 Bf5+ 55. Kg5 Bd3 56. Kg4 Bh7 57. Kg5 1/2-1/2

[Event "BL2-Sued 0910"]
[Site "Germany"]
[Date "2010.02.07"]
[Round "6.5"]
[White "Hort, Alexej"]
[Black "Dausch, Rene"]
[Result "0-1"]
[WhiteElo "2280"]
[BlackElo "2373"]
[PlyCount "64"]
[EventDate "2009.10.18"]
[EventType "team-tourn"]
[EventRounds "9"]
[EventCountry "GER"]
[SourceTitle "EXT 2011"]
[Source "ChessBase"]
[SourceDate "2010.11.26"]
[SourceVersion "1"]
[SourceVersionDate "2010.11.26"]
[SourceQuality "1"]
[WhiteTeam "Saarbruecken"]
[BlackTeam "Boeblingen"]
[WhiteTeamCountry "GER"]
[BlackTeamCountry "GER"]

1. e4 c5 2. Nf3 Nc6 3. d4 cxd4 4. Nxd4 g6 5. Nc3 Bg7 6. Be3 Nf6 7. Bc4 0-0 8. Bb3 a5 9. a4 Ng4 10. Qxg4 Nxd4 11. Qd1 Nxb3 12. cxb3 d6 13. Bd4 Bxd4 14. Qxd4 Be6 15. b4 Rc8 16. Nd5 Bxd5 17. exd5 b5 18. axb5 axb4 19. Qxb4 Qb6 20. 0-0 Rc5 21. Qe4 Re8 22. Ra6 Qxb5 23. Ra7 Rxd5 24. Rxe7 Rxe7 25. Qxe7 Qxb2 26. g3 Kg7 27. Qe4 Ra5 28. Qc6 Qd4 29. Qf3 Ra1 30. Rxa1 Qxa1+ 31. Kg2 Qe5 32. Qc6 d5 0-1

[Event "BL2-Sued 0910"]
[Site "Germany"]
[Date "2009.11.29"]
[Round "3.7"]
[White "Reefschlaeger, Helmut"]
[Black "Hort, Alexej"]
[Result "1-0"]
[WhiteElo "2313"]
[BlackElo "2280"]
[PlyCount "101"]
[EventDate "2009.10.18"]
[EventType "team-tourn"]
[EventRounds "9"]
[EventCountry "GER"]
[SourceTitle "EXT 2011"]
[Source "ChessBase"]
[SourceDate "2010.11.26"]
[SourceVersion "1"]
[SourceVersionDate "2010.11.26"]
[SourceQuality "1"]
[WhiteTeam "Baden-Baden II"]
[BlackTeam "Saarbruecken"]
[WhiteTeamCountry "GER"]
[BlackTeamCountry "GER"]

1. d4 Nf6 2. c4 c5 3. d5 e6 4. Nc3 exd5 5. cxd5 d6 6. g3 g6 7. Bg2 Bg7 8. Nf3 0-0 9. 0-0 b6 10. h3 Re8 11. Nd2 Ba6 12. a4 Re7 13. Nb5 Bxb5 14. axb5 a6 15. e4 Raa7 16. bxa6 Rxa6 17. Rxa6 Nxa6 18. Re1 Nb4 19. Nc4 b5 20. Na3 Qd7 21. Bg5 h6 22. Bxf6 Bxf6 23. Qd2 Na6 24. Rb1 Bg7 25. Kh2 Kh7 26. b3 Re8 27. h4 Ra8 28. Nc2 h5 29. f4 Qe7 30. e5 Rd8 31. exd6 Qxd6 32. Re1 Nc7 33. Qd3 Qf6 34. Re5 Rd6 35. Rxh5+ Kg8 36. Re5 Qd8 37. Re2 Rd7 38. Rd2 b4 39. Rd1 Qf6 40. Ne3 Qc3 41. d6 Ne6 42. Bh3 Qxd3 43. Rxd3 f5 44. h5 Nd4 45. hxg6 Rxd6 46. Nxf5 Nxf5 47. Bxf5 Bd4 48. Kg2 Kg7 49. g4 Rc6 50. g5 Rc7 51. Be4 1-0

[Event "Oberliga Sued W 0809"]
[Site "Germany"]
[Date "2009.03.01"]
[Round "7.5"]
[White "Hort, Alexej"]
[Black "Haasler, Andreas"]
[Result "1/2-1/2"]
[WhiteElo "2224"]
[BlackElo "2226"]
[PlyCount "75"]
[EventDate "2008.10.05"]
[EventType "team-tourn"]
[EventRounds "11"]
[EventCountry "GER"]
[SourceTitle "EXT 2012"]
[Source "ChessBase"]
[SourceDate "2011.11.24"]
[SourceVersion "1"]
[SourceVersionDate "2011.11.24"]
[SourceQuality "1"]
[WhiteTeam "Saarbruecken SVG"]
[BlackTeam "Heidesheim"]
[WhiteTeamCountry "GER"]
[BlackTeamCountry "GER"]

1. e4 e6 2. d4 d5 3. Nc3 dxe4 4. Nxe4 Nd7 5. Bd3 c5 6. dxc5 Nxc5 7. Nxc5 Bxc5 8. Nf3 Nf6 9. 0-0 Qc7 10. a3 Bd7 11. Qe2 Bd6 12. c4 Bc6 13. h3 Rd8 14. b4 Bxf3 15. Qxf3 Be5 16. Ra2 0-0 17. Re2 h6 18. Rfe1 Bc3 19. Bf4 Qc6 20. Qxc6 bxc6 21. Rd1 Rd7 22. Bc2 a5 23. Rxd7 Nxd7 24. Bd6 Ra8 25. b5 Rc8 26. Be4 cxb5 27. cxb5 Bd4 28. Rd2 Rc1+ 29. Kh2 e5 30. g3 f6 31. f4 Nb6 32. fxe5 fxe5 33. Re2 Kf7 34. Bc6 Ke6 35. Bf8 Kf7 36. Bd6 Ke6 37. Bf8 Kf7 38. Bd6 1/2-1/2

[Event "GER-ch 80th"]
[Site "Saarbruecken"]
[Date "2009.02.11"]
[Round "6"]
[White "Vatter, Hans Joachim"]
[Black "Hort, Alexej"]
[Result "0-1"]
[WhiteElo "2322"]
[BlackElo "2232"]
[PlyCount "48"]
[EventDate "2009.02.06"]
[EventType "swiss"]
[EventRounds "9"]
[EventCountry "GER"]
[SourceTitle "CBM 128 Extra"]
[Source "ChessBase"]
[SourceDate "2009.03.05"]
[SourceVersion "2"]
[SourceVersionDate "2009.03.25"]
[SourceQuality "1"]

1. e4 c5 2. Nf3 d6 3. d4 cxd4 4. Qxd4 Bd7 5. c4 Nc6 6. Qe3 g6 7. Nc3 Bg7 8. Be2 Nh6 9. 0-0 0-0 10. Rb1 f5 11. b4 Ng4 12. Qd2 fxe4 13. Nxe4 Bf5 14. Bd3 a5 15. Neg5 Qd7 16. bxa5 Rxa5 17. Bxf5 Raxf5 18. Bb2 h6 19. Ne4 Bxb2 20. Qxb2 Rxf3 21. gxf3 Nge5 22. f4 Qg4+ 23. Kh1 Qf3+ 24. Kg1 Nd3 0-1

[Event "GER-ch 80th"]
[Site "Saarbruecken"]
[Date "2009.02.09"]
[Round "4"]
[White "Boidman, Yuri"]
[Black "Hort, Alexej"]
[Result "1/2-1/2"]
[WhiteElo "2415"]
[BlackElo "2232"]
[PlyCount "149"]
[EventDate "2009.02.06"]
[EventType "swiss"]
[EventRounds "9"]
[EventCountry "GER"]
[SourceTitle "CBM 128 Extra"]
[Source "ChessBase"]
[SourceDate "2009.03.05"]
[SourceVersion "2"]
[SourceVersionDate "2009.03.25"]
[SourceQuality "1"]

1. Nf3 c5 2. c3 Nf6 3. d4 e6 4. Bg5 Be7 5. Nbd2 b6 6. e4 Bb7 7. e5 Ne4 8. Nxe4 Bxe4 9. Nd2 Bd5 10. Bxe7 Qxe7 11. Qg4 cxd4 12. c4 Bb7 13. Qxg7 Rf8 14. 0-0-0 f6 15. Qg3 fxe5 16. Qxe5 Qc5 17. Qg3 Na6 18. Nb3 Qf5 19. Nxd4 Qxf2 20. Nb5 Bc6 21. Nd6+ Kd8 22. Qa3 Nc5 23. Kb1 a5 24. Qh3 Ba4 25. Rc1 Bc6 26. Rd1 Rf4 27. Qc3 Rf8 28. Bd3 Kc7 29. Qe5 Qf4 30. Nb5+ Kb7 31. Qc3 Na4 32. Qc2 Nc5 33. Bxh7 Rh8 34. g3 Qh6 35. Bd3 Raf8 36. h4 Qe3 37. Rhg1 Rf2 38. Qc1 Qxc1+ 39. Kxc1 Nxd3+ 40. Rxd3 Rg8 41. Nd4 Rg4 42. Re1 Rg2 43. Ree3 Be4 44. Rc3 Rg1+ 45. Kd2 Rg2+ 46. Ne2 d5 47. cxd5 exd5 48. Ke1 b5 49. a3 Rh2 50. Rc5 Kb6 51. Rec3 d4 52. Nxd4 Rxb2 53. Re5 b4 54. Re6+ Kb7 55. Re7+ Kb6 56. Re6+ Kb7 57. axb4 axb4 58. Re3 Bd5 59. Re7+ Kb6 60. Ne2 b3 61. Nc3 Bc6 62. R7e6 Rc4 63. h5 Rh2 64. Ne2 Rb4 65. Rc3 b2 66. Rexc6+ Kb7 67. Rc7+ Kb8 68. Rc8+ Kb7 69. R3c7+ Kb6 70. Nc3 b1Q+ 71. Nxb1 Rxb1+ 72. Rc1 Rh1+ 73. Kd2 Rb2+ 74. Ke3 Rb3+ 75. R1c3 1/2-1/2

[Event "GER-ch 80th"]
[Site "Saarbruecken"]
[Date "2009.02.06"]
[Round "1"]
[White "Strohhaeker, Raoul"]
[Black "Hort, Alexej"]
[Result "1-0"]
[WhiteElo "2451"]
[BlackElo "2232"]
[PlyCount "51"]
[EventDate "2009.02.06"]
[EventType "swiss"]
[EventRounds "9"]
[EventCountry "GER"]
[SourceTitle "CBM 128 Extra"]
[Source "ChessBase"]
[SourceDate "2009.03.05"]
[SourceVersion "2"]
[SourceVersionDate "2009.03.25"]
[SourceQuality "1"]

1. e4 c5 2. Nf3 a6 3. c4 Nc6 4. d4 cxd4 5. Nxd4 e5 6. Nxc6 bxc6 7. Be3 Nf6 8. Nc3 d6 9. Be2 Be7 10. 0-0 0-0 11. b4 Be6 12. a4 Qc7 13. Qd3 Qb7 14. Rfd1 Rfd8 15. b5 axb5 16. axb5 cxb5 17. cxb5 Rdc8 18. b6 Nd7 19. Ra7 Rxa7 20. bxa7 Nc5 21. Bxc5 dxc5 22. Qa6 Qa8 23. Rb1 g6 24. Bc4 Kg7 25. Bxe6 Rc6 26. Qxc6 1-0

[Event "Oberliga Sued W 0809"]
[Site "Germany"]
[Date "2008.10.05"]
[Round "1.6"]
[White "Weller, Manuel"]
[Black "Hort, Alexej"]
[Result "0-1"]
[WhiteElo "2056"]
[BlackElo "2224"]
[PlyCount "58"]
[EventDate "2008.10.05"]
[EventType "team-tourn"]
[EventRounds "11"]
[EventCountry "GER"]
[SourceTitle "EXT 2012"]
[Source "ChessBase"]
[SourceDate "2011.11.24"]
[SourceVersion "1"]
[SourceVersionDate "2011.11.24"]
[SourceQuality "1"]
[WhiteTeam "Kaiserslautern"]
[BlackTeam "Saarbruecken SVG"]
[WhiteTeamCountry "GER"]
[BlackTeamCountry "GER"]

1. e4 c5 2. c3 g6 3. d4 cxd4 4. cxd4 d5 5. e5 Nc6 6. Nc3 Nh6 7. h3 Bg7 8. Nf3 0-0 9. Be2 Nf5 10. g4 Nfxd4 11. Nxd4 Nxe5 12. Be3 Nc6 13. f4 e5 14. fxe5 Bxe5 15. Nf3 Bg3+ 16. Bf2 Bxf2+ 17. Kxf2 Be6 18. Qd2 d4 19. Ne4 Bd5 20. Ng3 Re8 21. Rhf1 Qb6 22. Kg2 Re3 23. Kh2 d3 24. Bd1 Rae8 25. Rc1 Qc7 26. Kg2 Qf4 27. Rf2 Nd4 28. Rc5 Bxf3+ 29. Bxf3 Nxf3 0-1

[Event "Saarland-ch MA"]
[Site "Heusweiler"]
[Date "2007.04.06"]
[Round "8"]
[White "Tabatt, Hendrik"]
[Black "Hort, Alexej"]
[Result "1-0"]
[WhiteElo "2228"]
[BlackElo "2173"]
[PlyCount "101"]
[EventDate "2007.03.30"]
[EventType "swiss"]
[EventRounds "9"]
[EventCountry "GER"]
[SourceTitle "EXT 2008"]
[Source "ChessBase"]
[SourceDate "2007.11.25"]
[SourceVersion "1"]
[SourceVersionDate "2007.11.25"]
[SourceQuality "1"]

1. e4 c5 2. Nf3 d6 3. c3 Nf6 4. Be2 g6 5. 0-0 Bg7 6. Bb5+ Nfd7 7. d4 0-0 8. Re1 a6 9. Bf1 Nc6 10. h3 cxd4 11. cxd4 Qb6 12. Be3 e5 13. Nc3 Nxd4 14. Rc1 Nxf3+ 15. Qxf3 Qxb2 16. Red1 Nc5 17. Rxd6 Ne6 18. Nd5 Qa3 19. Rb6 Nd4 20. Nf6+ Kh8 21. Qg3 Qe7 22. Bg5 Ne6 23. Qxe5 h6 24. Bxh6 Bxf6 25. Bxf8 Qd8 26. Qd6 Bd7 27. Bh6 Be7 28. Qe5+ Bf6 29. Qa5 Bd4 30. Be3 Qxb6 31. Qxb6 Bxb6 32. Bxb6 Bc6 33. f3 Kg7 34. Kf2 Kf6 35. h4 Rh8 36. g3 Rh5 37. Be2 Bb5 38. Bd1 Rh8 39. f4 Bc6 40. Ke3 Re8 41. Bf3 Kg7 42. e5 Bxf3 43. Kxf3 f5 44. exf6+ Kxf6 45. a4 Rh8 46. a5 Rh5 47. Rd1 Ke7 48. Rd3 Rh8 49. Rd5 Rc8 50. h5 Rc3+ 51. Kg4 1-0

[Event "Oberliga Sued W 0607"]
[Site "Germany"]
[Date "2007.01.07"]
[Round "5.4"]
[White "Hort, Alexej"]
[Black "Brittner, Serge"]
[Result "1/2-1/2"]
[WhiteElo "2183"]
[BlackElo "2327"]
[PlyCount "89"]
[EventDate "2006.10.15"]
[EventType "team-tourn"]
[EventRounds "9"]
[EventCountry "GER"]
[SourceTitle "EXT 2009"]
[Source "ChessBase"]
[SourceDate "2008.11.26"]
[SourceVersion "1"]
[SourceVersionDate "2008.11.26"]
[SourceQuality "1"]
[WhiteTeam "Saarbruecken"]
[BlackTeam "Kaiserslautern Mehlingen"]
[WhiteTeamCountry "GER"]
[BlackTeamCountry "GER"]

1. e4 e6 2. d4 d5 3. Nc3 dxe4 4. Nxe4 Nd7 5. Bd3 Ngf6 6. Qe2 Nxe4 7. Bxe4 Be7 8. Nf3 c5 9. c3 a6 10. Be3 Qc7 11. dxc5 Bxc5 12. Nd4 Nf6 13. Bc2 0-0 14. 0-0-0 e5 15. Nf3 Bxe3+ 16. Qxe3 Bg4 17. Rde1 Rfe8 18. Nxe5 Qa5 19. Qf4 Be6 20. a3 Rac8 21. g4 Nd5 22. Qe4 g6 23. c4 Nb6 24. Kb1 Bxg4 25. Qf4 Be6 26. Re4 Bf5 27. Rg1 Rxe5 28. Qxe5 Qxe5 29. Rxe5 Bxc2+ 30. Kxc2 Nxc4 31. Re7 Kf8 32. Re2 Nxa3+ 33. Kb3 Nb5 34. Rd1 Rc6 35. Rd7 b6 36. Red2 Rf6 37. Rd8+ Kg7 38. Ra8 Nd6 39. Re2 a5 40. Rb8 Nf5 41. Kc4 Rc6+ 42. Kd3 Rd6+ 43. Kc4 Rc6+ 44. Kd3 Rd6+ 45. Kc4 1/2-1/2

[Event "Oberliga Sued W 0607"]
[Site "Germany"]
[Date "2006.11.19"]
[Round "4.4"]
[White "Hort, Alexej"]
[Black "Leuranguer, Yannick"]
[Result "1-0"]
[WhiteElo "2183"]
[BlackElo "2251"]
[PlyCount "43"]
[EventDate "2006.10.15"]
[EventType "team-tourn"]
[EventRounds "9"]
[EventCountry "GER"]
[SourceTitle "EXT 2009"]
[Source "ChessBase"]
[SourceDate "2008.11.26"]
[SourceVersion "1"]
[SourceVersionDate "2008.11.26"]
[SourceQuality "1"]
[WhiteTeam "Saarbruecken"]
[BlackTeam "Landau"]
[WhiteTeamCountry "GER"]
[BlackTeamCountry "GER"]

1. e4 e6 2. d4 d5 3. Nc3 Nf6 4. Bg5 Be7 5. e5 Nfd7 6. Bxe7 Qxe7 7. Bd3 0-0 8. Qg4 f5 9. exf6 Qxf6 10. Nf3 c6 11. Qg3 Re8 12. 0-0 e5 13. dxe5 Nxe5 14. Nxe5 Rxe5 15. Rae1 Nd7 16. Nb1 Rxe1 17. Rxe1 Nc5 18. Re8+ Kf7 19. Qe3 Ne6 20. Rh8 Nf8 21. Bxh7 g6 22. Bg8+ 1-0

[Event "Oberliga Sued W 0506"]
[Site "Germany"]
[Date "2006.04.02"]
[Round "9.2"]
[White "Klein, Joachim"]
[Black "Hort, Alexej"]
[Result "0-1"]
[WhiteElo "2225"]
[BlackElo "2140"]
[PlyCount "146"]
[EventDate "2005.10.23"]
[EventType "team-tourn"]
[EventRounds "9"]
[EventCountry "GER"]
[SourceTitle "EXT 2007"]
[Source "ChessBase"]
[SourceDate "2006.11.23"]
[SourceVersion "1"]
[SourceVersionDate "2006.11.23"]
[SourceQuality "1"]
[WhiteTeam "Illingen"]
[BlackTeam "Saarbruecken"]
[WhiteTeamCountry "GER"]
[BlackTeamCountry "GER"]

1. Nf3 Nf6 2. e3 g6 3. b3 Bg7 4. Bb2 d6 5. d4 0-0 6. Nbd2 Nc6 7. c4 e5 8. d5 Ne7 9. Bd3 a5 10. Bc2 Bd7 11. 0-0 Nh5 12. c5 f5 13. Nc4 Ra6 14. a4 Nf6 15. Ba3 Bc8 16. Qd2 Ne4 17. Bxe4 fxe4 18. Ng5 Bf5 19. cxd6 cxd6 20. Ne6 Bxe6 21. dxe6 Nf5 22. Rfd1 Qh4 23. e7 Nxe7 24. Bxd6 h5 25. Bxe7 Qxe7 26. Qd5+ Kh7 27. Qxe4 Raf6 28. Ra2 Qb4 29. Qb1 Rf5 30. e4 Rf4 31. f3 Qe7 32. Qd3 Qg5 33. Rf2 R8f7 34. Qd8 R4f6 35. Rd7 Rxd7 36. Qxd7 Qc1+ 37. Rf1 Qc3 38. Qxb7 Qd4+ 39. Kh1 Qd3 40. Rg1 Qc3 41. h3 Rf4 42. Qb6 Rf6 43. Qe3 Qb4 44. Rd1 Rf7 45. Qd3 Rb7 46. Qd5 Rc7 47. Qxa5 Rxc4 48. Qxb4 Rxb4 49. Rd3 Bf8 50. a5 Bc5 51. a6 Rb6 52. Rd5 Bd4 53. f4 Rxa6 54. g4 Ra1+ 55. Kg2 Ra2+ 56. Kh1 Re2 57. Rd7+ Kg8 58. gxh5 gxh5 59. fxe5 Bxe5 60. Rd5 Rxe4 61. Kg2 h4 62. b4 Kf7 63. Kf3 Re1 64. b5 Ke6 65. Rd8 Rb1 66. Re8+ Kf5 67. Rf8+ Bf6 68. Rb8 Rb3+ 69. Kg2 Be5 70. Rf8+ Ke4 71. Rg8 Rb2+ 72. Kg1 Kf3 73. Rg4 Rb1# 0-1

[Event "Oberliga Sued W 0506"]
[Site "Germany"]
[Date "2006.01.15"]
[Round "5.4"]
[White "Wagener, Claude"]
[Black "Hort, Alexej"]
[Result "0-1"]
[WhiteElo "2201"]
[BlackElo "2140"]
[PlyCount "100"]
[EventDate "2005.10.23"]
[EventType "team-tourn"]
[EventRounds "9"]
[EventCountry "GER"]
[SourceTitle "EXT 2007"]
[Source "ChessBase"]
[SourceDate "2006.11.23"]
[SourceVersion "1"]
[SourceVersionDate "2006.11.23"]
[SourceQuality "1"]
[WhiteTeam "Kaiserslautern Mehlingen"]
[BlackTeam "Saarbruecken"]
[WhiteTeamCountry "GER"]
[BlackTeamCountry "GER"]

1. e4 c5 2. Nf3 d6 3. d4 cxd4 4. Nxd4 Nf6 5. Nc3 a6 6. Be2 e5 7. Nb3 Be7 8. Bg5 Nbd7 9. a4 b6 10. Nd2 Bb7 11. Bc4 h6 12. Bh4 g5 13. Bg3 Nc5 14. f3 Ne6 15. Bf2 Qc7 16. Ba2 Rd8 17. Nc4 d5 18. exd5 Nxd5 19. Nxd5 Rxd5 20. Qe2 Nf4 21. Bxb6 Qd7 22. Qf1 e4 23. fxe4 Rd4 24. Bxd4 Qxd4 25. Nd2 Qxb2 26. Rb1 Qxa2 27. Rxb7 Qa1+ 28. Rb1 Qe5 29. g3 Ne6 30. Qf5 Qd4 31. Qf3 0-0 32. c3 Qa7 33. Rf1 Kh8 34. Qe2 Qc5 35. Rf3 Qg1+ 36. Nf1 Qc5 37. Qxa6 g4 38. Rd3 Bf6 39. Qd6 Bxc3+ 40. Ke2 Qc4 41. Rbd1 Qxe4+ 42. Kf2 Rd8 43. Qa6 Rxd3 44. Qxd3 Bd4+ 45. Ne3 Qf3+ 46. Ke1 Bxe3 47. Qf1 Qe4 48. Qxf7 Bf4+ 49. Kf2 Qf3+ 50. Ke1 Bxg3+ 0-1

[Event "Oberliga Sued W 0506"]
[Site "Germany"]
[Date "2005.11.27"]
[Round "3.4"]
[White "Bernhardt, Rolf"]
[Black "Hort, Alexej"]
[Result "1-0"]
[WhiteElo "2273"]
[BlackElo "2140"]
[PlyCount "69"]
[EventDate "2005.10.23"]
[EventType "team-tourn"]
[EventRounds "9"]
[EventCountry "GER"]
[SourceTitle "EXT 2007"]
[Source "ChessBase"]
[SourceDate "2006.11.23"]
[SourceVersion "1"]
[SourceVersionDate "2006.11.23"]
[SourceQuality "1"]
[WhiteTeam "Landau"]
[BlackTeam "Saarbruecken"]
[WhiteTeamCountry "GER"]
[BlackTeamCountry "GER"]

1. e4 c5 2. c3 d6 3. d4 Nf6 4. Bd3 g6 5. e5 dxe5 6. dxe5 Nd5 7. Be4 Nc7 8. Qe2 Nc6 9. Nf3 Bg7 10. 0-0 Ne6 11. Bxc6+ bxc6 12. Ng5 Qd5 13. Nf3 Qd8 14. Na3 0-0 15. Re1 a5 16. Qe4 Qd5 17. Qh4 Ra7 18. Bh6 Rd8 19. Nc2 Qd7 20. Ne3 Ba6 21. Ng4 Bh8 22. Ng5 Nxg5 23. Bxg5 Qe6 24. Nh6+ Kg7 25. h3 Rd5 26. f4 Bd3 27. Re3 c4 28. Rae1 a4 29. Ng4 h5 30. Nf6 Rd8 31. g4 Kf8 32. gxh5 Bg7 33. h6 Bh8 34. h7 exf6 35. Bxf6 1-0

[Event "Saarland-ch MA"]
[Site "Saarlouis Steinrausch"]
[Date "2005.03.26"]
[Round "9"]
[White "Hort, Alexej"]
[Black "Becker, Thomas2"]
[Result "1-0"]
[WhiteElo "2118"]
[BlackElo "2112"]
[PlyCount "49"]
[EventDate "2005.03.18"]
[EventType "swiss"]
[EventRounds "9"]
[EventCountry "GER"]
[SourceTitle "EXT 2012"]
[Source "ChessBase"]
[SourceDate "2011.11.24"]
[SourceVersion "1"]
[SourceVersionDate "2011.11.24"]
[SourceQuality "1"]

1. d4 d5 2. c4 c6 3. Nc3 e6 4. e3 Nf6 5. Nf3 Nbd7 6. Bd3 Bd6 7. 0-0 0-0 8. e4 dxc4 9. Bxc4 e5 10. Bg5 Qc7 11. h3 b5 12. Bd3 h6 13. Bh4 exd4 14. Nxd4 g5 15. Bg3 Ne5 16. Rc1 Qb6 17. Nxc6 Nxd3 18. Qxd3 Bxg3 19. Ne7+ Kh8 20. Qxg3 Qe6 21. Ned5 Nxe4 22. Nxe4 Qxe4 23. Qc3+ f6 24. Nxf6 Qc4 25. Qf3 1-0

[Event "Saarland-ch MA"]
[Site "Saarlouis Steinrausch"]
[Date "2005.03.25"]
[Round "8"]
[White "Becker, Joerg"]
[Black "Hort, Alexej"]
[Result "0-1"]
[WhiteElo "2118"]
[BlackElo "2118"]
[PlyCount "78"]
[EventDate "2005.03.18"]
[EventType "swiss"]
[EventRounds "9"]
[EventCountry "GER"]
[SourceTitle "EXT 2012"]
[Source "ChessBase"]
[SourceDate "2011.11.24"]
[SourceVersion "1"]
[SourceVersionDate "2011.11.24"]
[SourceQuality "1"]

1. e4 c5 2. Nf3 d6 3. Bb5+ Nd7 4. d4 cxd4 5. Qxd4 e5 6. Qd3 h6 7. 0-0 Ngf6 8. Nc3 Be7 9. Nh4 a6 10. Bc4 Nc5 11. Qg3 Be6 12. Bxe6 Nxe6 13. Nf5 g6 14. Nxe7 Qxe7 15. Be3 Rc8 16. f3 Kf8 17. Qh3 Kg7 18. Rad1 b5 19. a3 h5 20. Qg3 Rc4 21. Rd2 Rhc8 22. Rfd1 Rd8 23. Rd3 Nc5 24. Bg5 Nxd3 25. cxd3 Rxc3 26. bxc3 Rc8 27. Bd2 Qc7 28. Qg5 Qc5+ 29. Kf1 Qxa3 30. Qh6+ Kg8 31. g4 hxg4 32. fxg4 b4 33. g5 Nh5 34. Kg1 bxc3 35. Bc1 Qc5+ 36. Kg2 Rb8 37. Rf1 Rb2+ 38. Kh3 Rf2 39. Ba3 Qe3+ 0-1

[Event "Saarland-ch MA"]
[Site "Saarlouis Steinrausch"]
[Date "2005.03.22"]
[Round "5"]
[White "Spengler, Hanno"]
[Black "Hort, Alexej"]
[Result "0-1"]
[WhiteElo "2051"]
[BlackElo "2118"]
[PlyCount "60"]
[EventDate "2005.03.18"]
[EventType "swiss"]
[EventRounds "9"]
[EventCountry "GER"]
[SourceTitle "EXT 2012"]
[Source "ChessBase"]
[SourceDate "2011.11.24"]
[SourceVersion "1"]
[SourceVersionDate "2011.11.24"]
[SourceQuality "1"]

1. e4 c5 2. f4 a6 3. Nf3 e6 4. d3 Nc6 5. Nc3 d6 6. g3 g6 7. Bg2 Bg7 8. 0-0 Nge7 9. Ne2 0-0 10. c3 d5 11. h3 b5 12. Qc2 d4 13. g4 f5 14. gxf5 exf5 15. e5 Kh8 16. cxd4 cxd4 17. Kh2 Ra7 18. Bd2 Be6 19. Rac1 h6 20. b3 Qd7 21. Qb2 Rd8 22. Rc5 Bd5 23. Rfc1 g5 24. fxg5 Bxf3 25. Bxf3 Nxe5 26. gxh6 Nxf3+ 27. Kg3 Bf6 28. Kxf3 Qb7+ 29. Kf2 Bh4+ 30. Kf1 Qf3+ 0-1

[Event "Oberliga Sued W 0405"]
[Site "Germany"]
[Date "2004.12.12"]
[Round "4.4"]
[White "Hort, Alexej"]
[Black "Galyas, Miklos"]
[Result "1/2-1/2"]
[WhiteElo "2154"]
[BlackElo "2440"]
[PlyCount "118"]
[EventDate "2004.10.03"]
[EventType "team-tourn"]
[EventRounds "9"]
[EventCountry "GER"]
[SourceTitle "EXT 2009"]
[Source "ChessBase"]
[SourceDate "2008.11.26"]
[SourceVersion "1"]
[SourceVersionDate "2008.11.26"]
[SourceQuality "1"]
[WhiteTeam "Saarbruecken"]
[BlackTeam "Trier"]
[WhiteTeamCountry "GER"]
[BlackTeamCountry "GER"]

1. d4 Nf6 2. c4 e6 3. Nc3 Bb4 4. e3 c5 5. a3 Bxc3+ 6. bxc3 Nc6 7. Bd3 d5 8. cxd5 Nxd5 9. Ne2 0-0 10. 0-0 Nde7 11. c4 b6 12. Bb2 cxd4 13. exd4 Ba6 14. Nf4 Ng6 15. Nxg6 hxg6 16. d5 exd5 17. cxd5 Bxd3 18. Qxd3 Ne7 19. d6 Qd7 20. Rfe1 Nf5 21. Rad1 Rfe8 22. Be5 Re6 23. Bf4 Rae8 24. Rxe6 Rxe6 25. h3 g5 26. Qxf5 Re1+ 27. Rxe1 Qxf5 28. Bg3 Kf8 29. Re7 Qd5 30. Kh2 a5 31. Re5 Qd2 32. Rb5 Ke8 33. Rxb6 f5 34. Rb8+ Kd7 35. Rb7+ Kc6 36. Be5 f4 37. Rxg7 Qxf2 38. Rxg5 f3 39. d7 Qd2 40. Rg6+ Kb5 41. Bd6 f2 42. d8Q f1Q 43. Qd7+ Kc4 44. Rg4+ Kb3 45. Qe6+ Kb2 46. Be5+ Kc1 47. Qb3 Qc2 48. Qe3+ Kb1 49. Qb6+ Ka2 50. Qxa5 Qcd1 51. Qc3 Qg1+ 52. Kg3 Qe2 53. Kh4 Qge1+ 54. Qxe1 Qxe1+ 55. Bg3 Qe7+ 56. Rg5 Qe4+ 57. Kh5 Qh7+ 58. Kg4 Qe4+ 59. Kh5 Qh7+ 1/2-1/2

[Event "Saarland-ch MA"]
[Site "Saarlouis"]
[Date "2004.04.10"]
[Round "9"]
[White "Hort, Alexej"]
[Black "Scheuermann, Gerhard"]
[Result "0-1"]
[WhiteElo "2072"]
[BlackElo "2157"]
[PlyCount "56"]
[EventDate "2004.04.02"]
[EventType "tourn"]
[EventRounds "9"]
[EventCountry "GER"]
[SourceTitle "EXT 2005"]
[Source "ChessBase"]
[SourceDate "2004.11.15"]
[SourceVersion "1"]
[SourceVersionDate "2004.11.15"]
[SourceQuality "1"]

1. d4 Nf6 2. c4 b6 3. Nc3 Bb7 4. Nf3 e6 5. a3 d5 6. Qc2 Be7 7. cxd5 exd5 8. Bf4 c6 9. e3 Nbd7 10. Bd3 h6 11. h3 0-0 12. 0-0 Re8 13. Rae1 Nf8 14. Ne5 Bd6 15. Bh2 Rc8 16. f4 c5 17. Qf2 Re7 18. g4 Ne4 19. Nxe4 dxe4 20. Bb1 Ne6 21. g5 hxg5 22. f5 Nxd4 23. exd4 e3 24. Rxe3 cxd4 25. f6 dxe3 26. Qf5 g6 27. Nxg6 Bxh2+ 28. Kxh2 Qd2+ 0-1